00926nam a22002531 4500001000700000003000700007005001700014008004100031016004600072017005100118035002100169040003100190080002100221245008700242260006800329300002700397490003500424650003900459655002200498700003400520700004300554830003600597852003900633143665SpMaBN20251003195450.0981210s1972 sp spa 7 abimoBNE20000198031zIND98008327142SpMaBN aLE 10905-1972bOficina Depósito Legal León a(OCoLC)432724058 aSpMaBNbspacCDMdES-MaACL a860-1"19"(082.2)00a70 años de poesía en Cuenca /cCarlos de la Rica, Enrique Domínguez Millán aCarboneras de Guadazaón (Cuenca) :bEl Toro de Barro,c[1972] a223 p. :bil. ;c24 cm0 aEl Toro de Barro Gárgola;v3 4aPoesías españolasyS.XX2embne 7aPoesías2tgfbne1 aRica, Carlos de lad1930-1997 aDomínguez Millán, Enrique, d1927- aEl Toro de Barro Gárgola ;v3 aES-MaACLb R.82513jC-43681cDEPO2